रामायण : (Record no. 113280)

MARC details
000 -LEADER
fixed length control field 01198nam a22002537a 4500
005 - DATE AND TIME OF LATEST TRANSACTION
control field 20170124102951.0
010 ## - LIBRARY OF CONGRESS CONTROL NUMBER
LC control number A-504515
020 ## - INTERNATIONAL STANDARD BOOK NUMBER
Terms of availability 35.00
035 ## - SYSTEM CONTROL NUMBER
System control number A-504515
037 ## - SOURCE OF ACQUISITION
Source of stock number/acquisition Cen Lib/Ret
040 ## - CATALOGING SOURCE
Original cataloging agency DPL
Language of cataloging HN
082 ## - DEWEY DECIMAL CLASSIFICATION NUMBER
Classification number 821
Item number रामाय
245 ## - TITLE STATEMENT
Title रामायण :
Statement of responsibility, etc सम्पादक चिरंजीलाल यादव
Remainder of title तुलसीदास कृत रामचरितमानस का हिन्दी रूपांतर /
246 ## - VARYING FORM OF TITLE
Title proper/short title Ramayan : Tulsidas krit Ramcharitmanas ka hindi roopantar /
Remainder of title edited by Chiranjilal Yadav
260 ## - PUBLICATION, DISTRIBUTION, ETC. (IMPRINT)
Place of publication, distribution, etc दिल्ली
Name of publisher, distributor, etc साहित्य केन्द्र प्रकाशन
Date of publication, distribution, etc 1991
270 ## - ADDRESS
Address ई-5/20, कृष्ण नगर
City दिल्ली
Postal code 110051
300 ## - PHYSICAL DESCRIPTION
Extent 112पृ.
Dimensions 17सेमी (सजिल्द)
650 ## - SUBJECT ADDED ENTRY--TOPICAL TERM
Topical term or geographic name as entry element हिन्दी -- रामायण
9 (RLIN) 51469
650 ## - SUBJECT ADDED ENTRY--TOPICAL TERM
Topical term or geographic name as entry element रामायण -- अयोध्या कांड
9 (RLIN) 46022
650 ## - SUBJECT ADDED ENTRY--TOPICAL TERM
Topical term or geographic name as entry element Hindi -- Ramayana
9 (RLIN) 51470
650 ## - SUBJECT ADDED ENTRY--TOPICAL TERM
Topical term or geographic name as entry element Ramayana - Ayodhya case
9 (RLIN) 51471
700 ## - ADDED ENTRY--PERSONAL NAME
Personal name यादव, चिरंजीलाल
9 (RLIN) 42810
942 ## - ADDED ENTRY ELEMENTS (KOHA)
Source of classification or shelving scheme Dewey Decimal Classification
Koha item type Hindi Books
Classification part 821
Call number suffix रामाय
Holdings
Withdrawn status Lost status Damaged status Not for loan Home library Current library Date acquired Source of acquisition Cost, normal purchase price Total Checkouts Full call number Barcode Date last seen Copy number Cost, replacement price Price effective from Koha item type
        Central Library Central Library 11/08/2015 Cen Lib/Ret 35.00   821 रामाय A-504515 11/08/2015 1 35.00 11/08/2015 Hindi Books

© Delhi Public Library
Hit Counter
free hit counter